Clubes que mais venceram campeonatos nacionais da CAF - Statistics

Estatísticas Gerais
  • Esse quiz foi jogado 28 vezes
  • A pontuação média é 7 de 55
Estatísticas das Respostas
País Vezes que ganhou Campeonato Time % Correto
Benin 12 Championnat National du Bénin AS Les Dragons Football Club de l'Ouémé
73%
Costa do Marfim 24 Ligue 1 AS des Employés de Commerce Mimosas
69%
Togo 10 Championnat National de Premiere Division AC Semassi Football Club
62%
Egito 38 الدوري المصري الممتاز Al-Ahly Sporting Club
58%
África do Sul 7 Premier Division Mamelodi Sundowns Football Club
50%
Angola 15 Girabola Atlético Petróleos de Luanda
42%
Rep. Democrática do Congo 15 Linafoot Tout Puissant Mazembe
42%
Tunísia 26 الرابطة المحترفة الأولى لكرة القدم Espérance Sportive de Tunis
31%
Marrocos 18 البطولة Wydad Athletic Club
31%
Sudão 29 الدوري السوداني الممتاز Al-Hilal Omdurman
23%
Gana 24 Premier League Asante Kotoko Sporting Club
15%
Camarões 14 Elite One Coton Sport Football Club de Garoua
15%
Nigéria 7 Premier League Enyimba Football Club | Rangers International Football Club
15%
Argélia 14 الرابطة الجزائرية المحترفة الأولى لكرة القدم Jeunesse Sportive de Kabylie
12%
Tanzânia 21 Ligi Kuu Bara Young Africans Sport Club
12%
Líbia 16 الدوري الليبي الممتاز Al-Ittihad Sport, Cultural & Social Club
8%
Madagascar 5 Champions League CNaPS Sport
8%
Zimbábue 22 Premier Soccer League Dynamos Football Club
8%
República do Congo 12 Championnat National Étoile du Congo
8%
Gabão 11 Championnat National D1 Football Canon 105 de Libreville
8%
Maurícia 13 Mauritian Premier League Football Club Dodo | Fire Brigade Sport Club
8%
Guiné 16 Guinée Championnat National Hafia Football Club
8%
Zâmbia 12 Zambian Premier League Nkana Football Club
8%
Níger 13 Championnat D1 Sahel Sport Club
8%
São Tomé e Príncipe 8 Campeonato Santomense de Futebol Sporting Praia Cruz
8%
Ruanda 16 National Soccer League Armée Patriotique Rwandaise Football Club
4%
Mauritânia 7 Ligue 1 Association Sportive de la Garde Nationale | Association Sportive et Culturelle de la Police
4%
República Centro-Africana 11 Central African Republic League Association Sportive de Tempête Mocaf
4%
Senegal 14 First Division Association Sportive et Culturelle Diaraf
4%
Sudão do Sul 2 South Sudan Football Championship Atlabara Football Club
4%
Malawi 12 Super League Big Bullets Football Club
4%
Namíbia 10 Namibia Premier League Black Africa Sports CLub
4%
Guiné-Equatorial 16 Equatoguinean Primera División Club Deportivo Elá Nguema
4%
Moçambique 10 Campeonato Moçambicano de Futebol Clube Ferroviário de Maputo
4%
Cabo Verde 18 Campeonato Cabo-verdiano de Futebol Clube Sportivo Mindelense
4%
Comores 7 Premier League Coin Nord de Mitsamiouli
4%
Mali 22 Première Division Djoliba Athletic Club
4%
Serra Leoa 11 Premier League East End Lions Football Club
4%
Somália 10 Heerka Koowaad Elman Football Club
4%
Burkina Faso 13 Premier League Étoile Filante de Ouagadougou | Association Sportive du Faso-Yennenga
4%
Djibouti 7 Premier League Force Nationale de Securité
4%
Quênia 15 Kenyan Premier League Gor Mahia Football Club
4%
Libéria 13 LFA First Division Invincible Eleven & Majestic Sports Ass. Inc. | Mighty Barrolle Sports Association
4%
Lesoto 10 Premier League Matlama Football Club
4%
Suazilândia (Essuatíni) 13 Swazi Premier League Mbabane Highlanders Football Club
4%
Zanzibar 6 Zanzibar Premier League Mlandege Football Club
4%
Eritreia 12 Hagerawi League Red Sea Football Club
4%
Chade 6 دوري تشاد الممتاز Renaissance Football Club
4%
Etiópia 28 የኢትዮጵያ ፕሪሚየር ሊግ Saint George Sports Club
4%
Seychelles 11 Sierra Leone National Premier League Saint Louis Suns United
4%
Guiné-Bissau 13 Campeonato Nacional da Guiné-Bissau Sporting Clube de Bissau
4%
Uganda 16 FUFA Super League Sports Club Villa Jogoo Uganda
4%
Botsuana 13 Premier League Township Rollers Football Club
4%
Burundi 20 Primus League Vital'O Football Club
4%
Gâmbia 16 GFA League First Wallidan Football Club
4%
Nenhum quiz correspondente encontrado
Distribuição das Pontuações
Porcentagem de Pessoas com Cada Pontuação
Percentil de Números Respondidos
Sua Pontuação Histórica
Você não jogou esse quiz